Normale Ansicht MARC-Ansicht ISBD

Obmanutaja, no toržestvujuščaja Klio : (Titelsatznr. 24867)

[ MARC ]
MARC-Details
000 -Satzkennung
Kontrollfeld mit fester Länge 00529nam a22001931c 4500
001 - Kontrollnummer
Kontrollfeld a987660476
008 - Feld mit fester Länge zur physischen Beschreibung - Allgemeine Angaben
Kontrollfeld mit fester Länge 080325s2001 gw |||| 000u rus d
041 ## - Sprachcode
Sprachcode des Textes/der Tonspur oder des separaten Titels rus
040 ## - Katalogisierungsquelle
Übertragungsstelle RU-10907106
003 - Kontrollnummer Identifier
Kontrollfeld RU-10907106
100 1# - Haupteintragung - Personenname
Personenname Kozlov, Vladimir P.
245 00 - Titel
Titel Obmanutaja, no toržestvujuščaja Klio :
Zusatz zum Titel Podlogi pis'mennych istočnikov po rossijskoj istorii v XX v.
264 ## - Produktion, Veröffentlichung, Distribution, Herstellung und Urheberrechtsvermerk
Herstellungs-, Veröffentlichungs- Vertriebs-, Erzeugungsort Moskva :
Produzent, Herausgeber, Distributor, Hersteller ROSSPEN,
Datum der Herstellung, der Veröffentlichung, des Vertriebs oder des Urheberschutzvermerks 2001
300 ## - Physische Beschreibung
Umfang 224 S.
650 #0 - Nebeneintragung unter einem Schlagwort - Sachschlagwort
Sachschlagwort oder geografischer Name als Eintragungselement Fälschungen
650 #0 - Nebeneintragung unter einem Schlagwort - Sachschlagwort
Sachschlagwort oder geografischer Name als Eintragungselement Quellenkunde
651 #0 - Nebeneintragung unter einem Schlagwort - Geografischer Name
Geografischer Name Sowjetunion
942 ## - Zusätzliche Felder (Koha)
Koha-Medientyp Monographien
Exemplare
Ausgeschieden Verloren Klassifikation oder Aufstellungssystematik Beschädigt Nicht entleihbar Heimatbibliothek Aufenthaltsbibliothek Aufstellungsort Erwerbungsdatum Inventarnummer Signatur Barcode Letzte Aktivität Preis gültig von Koha-Medientyp
    Andere/Generische Klassifikation     MWN Osteuropa MWN Osteuropa Magazin - 2 25/03/2008 08-01668 R 60 af 105 E004015078FCC950 23/02/2021 22/03/2021 Monographien